Horror Directors By Film - Statistics

General Stats
  • This quiz has been taken 396 times
  • The average score is 11 of 20
Answer Stats
Film Director % Correct
Psycho (1960) Alfred Hitchcock
90%
Jaws (1975) Steven Spielberg
89%
The Shining (1980) Stanley Kubrick
85%
Alien (1979) Ridley Scott
82%
Get Out (2017) Jordan Peele
77%
The Thing (1982) John Carpenter
73%
Scream (1996) Wes Craven
71%
Night of the Living Dead (1968) George A. Romero
62%
Eraserhead (1977) David Lynch
60%
The Evil Dead (1981) Sam Raimi
60%
The Fly (1986) David Cronenberg
57%
Midsommar (2019) Ari Aster
56%
Insidious (2010) James Wan
52%
The Exorcist (1973) William Friedkin
52%
Suspiria (1977) Dario Argento
45%
The Texas Chainsaw Massacre (1974) Tobe Hooper
45%
The Witch (2015) Robert Eggers
41%
Pearl (2022) Ti West
28%
Raw (2016) Julia Ducournau
13%
Ju-on: The Grudge (2002) Takashi Shimizu
8%
No matching quizzes found
Score Distribution
Percent of People with Each Score
Percentile by Number Answered
Your Score History
You have not taken this quiz